Quiz best XI ever football - Statistiques

Statistiques générales
  • Ce quiz a été pris 647 fois
  • Le résultat moyen est 9 sur 11
Statistiques - réponses
positions name % Correct
RW Messi
98%
LW Ronaldo
98%
MC Zidane
88%
GK Neuer
87%
LB Roberto Carlos
84%
DC Maldini
82%
DC Ramos
82%
ST Pelé
76%
CAM Maradona
70%
RB Cafu
66%
CDM Beckenbauer
26%
Aucun quiz correspondant
Distribution des résultats
% des personnes avec chaque résultat
Percentile par nombre de réponses
Votre historique - résultats
Vous n’avez pas pris ce quiz